TRANSCOM 2009 part 2 (M-Z), section 2: Economics and management

Gespeichert in:
Bibliographische Detailangaben
Körperschaft: TRANSCOM 2009. European conference of young research and scientific workers
Weitere Verfasser: Tulejová, Lucia
Format: Buch
Sprache:Englisch
Veröffentlicht: Žilina University of Žilina 2009
Schlagworte:
Tags: Tag hinzufügen
Keine Tags, Fügen Sie das erste Tag hinzu!

MARC

LEADER 00000nam$a2200000$$$4500
001 0108938
005 20240109072211.9
020 |a 978-80-554-0040-2 
041 0 |a eng 
044 |a SK 
245 1 0 |a TRANSCOM 2009  |b part 2 (M-Z), section 2: Economics and management  |c edited by: Lucia Tulejová ... [et al.] ; under the auspices of: Ján Mikolaj, Ján Bujňák 
264 1 |a Žilina  |b University of Žilina  |c 2009 
300 |a 195 s. 
610 2 0 |a ekonómia 
610 2 0 |a manažment 
610 2 0 |a veda 
610 2 0 |a výskum 
700 1 |a Tulejová, Lucia 
110 2 |a TRANSCOM 2009. European conference of young research and scientific workers